• 首页
  • 本馆介绍
  • 公告通知
  • 最新文献
  • 馆藏检索
  • 电子资源
  • 读者导购
  • 参考咨询
  • 我的图书馆
  • 登录
  • 详细信息显示
  • 放入我的书架
  • 预约/预借图书
  • 作者相关作品
  • 分类相关作品
  • 丛书相关作品
  • 出版社相关作品

书目信息

  • 表格格式
  • 工作单格式
  • 卡片格式
题名:
黑客大曝光
    
 
作者: 赖特 , 凯诗 著
分册:  
出版信息: 北京   机械工业出版社  2016
页数: XIX, 511页
开本: 24cm
丛书名: 信息安全技术丛书
单 册:
中图分类: TP393.08
科图分类:
主题词: 计算机网络--ji suan ji wang luo--安全技术
电子资源:
ISBN: 978-7-111-52629-2
000 01746nam 2200373 450
001 CAL 012016025104
005 20170618200742.73
010    @a978-7-111-52629-2@b@dCNY99.00
099    @aCAL 012016025104
100    @a20160321d2016 em y0chiy50 ea
101 1  @achi@ceng
102    @aCN@b110000
105    @aak z 000yy
106    @ar
200 1  @a黑客大曝光@AHei Ke Da Bao Guang@e无线网络安全@f(美) 乔舒亚·莱特, 约翰尼·凯诗著@d= Hacking exposed wireless@ewireless security secrets & solutions@fJoshua Wright, Johnny Cache@zeng
205    @a3版
210    @a北京@c机械工业出版社@d2016
215    @aXIX, 511页@c图@d24cm
225 2  @a信息安全技术丛书@AXin Xi An Quan Ji Shu Cong Shu
300    @a华章IT
305    @a据原书第3版译出
306    @a由麦格劳-希尔 (亚洲) 教育出版公司和机械工业出版社合作出版
314    @a责任者Wright规范汉译姓: 赖特
330    @a本书系统介绍如何通过详尽的信息安全知识,保护无线系统免受瘫痪式的攻击,全面更新和囊括了当今已广泛使用和新兴的无线技术,揭示攻击者如何利用既有的或者定制的黑客工具来锁定、渗透并攻击系统,帮助读者更好地维护无线网络安全。全书共分为三部分,第一部分专门讨论针对Wi-Fi的破解技术,第二部分主要介绍蓝牙网络的破解,第三部分介绍的是除了Wi-Fi协议和蓝牙协议之外,其他无所不在的网络无线技术及其所支持的网络。
410  0 @12001 @a信息安全技术丛书
500 10 @aHacking exposed wireless : wireless security secrets & solutions@mChinese
517 1  @a无线网络安全@AWu Xian Wang Luo An Quan
606 0  @a计算机网络@Aji suan ji wang luo@x安全技术
690    @aTP393.08@v5
701  1 @a赖特@ALai Te@g(Wright, Joshua)@4著
701  1 @a凯诗@AKai Shi@g(Cache, Johnny)@4著
801  0 @aCN@bZHONGJIAO@c20170609@g
905    @aBZT@dTP393.08@e105=3
906    @dCNY99.00@n3@r1
    
    黑客大曝光:无线网络安全/(美) 乔舒亚·莱特, 约翰尼·凯诗著= Hacking exposed wireless:wireless security secrets & solutions/Joshua Wright, Johnny Cache.-3版.-北京:机械工业出版社,2016
    XIX, 511页:图;24cm.-(信息安全技术丛书)
    华章IT
    
    ISBN 978-7-111-52629-2:CNY99.00
    本书系统介绍如何通过详尽的信息安全知识,保护无线系统免受瘫痪式的攻击,全面更新和囊括了当今已广泛使用和新兴的无线技术,揭示攻击者如何利用既有的或者定制的黑客工具来锁定、渗透并攻击系统,帮助读者更好地维护无线网络安全。全书共分为三部分,第一部分专门讨论针对Wi-Fi的破解技术,第二部分主要介绍蓝牙网络的破解,第三部分介绍的是除了Wi-Fi协议和蓝牙协议之外,其他无所不在的网络无线技术及其所支持的网络。
●
相关链接 在五车中查询图书 在当当中查询图书 在豆瓣中查询图书


正题名:黑客大曝光     索取号:TP393.08/105=3         预约/预借

序号 登录号 条形码 馆藏地/架位号 状态 备注
1 830727   2000830727   第二书库/ [索取号:TP393.08/105=3] 在馆    
2 830728   2000830728   第二书库/ [索取号:TP393.08/105=3] 在馆    
3 830729   2000830729   第二书库/ [索取号:TP393.08/105=3] 在馆    
山东省滨州职业学院图书馆 欢迎您!
大连网信软件有限公司© 版权所有